| 000 | 00845nam a2200193 i 4500 | ||
|---|---|---|---|
| 001 | 153172 | ||
| 003 | ES-MaACL | ||
| 005 | 20230906205044.0 | ||
| 008 | 971216m18881902cl |||| | spa d | ||
| 245 | 0 | 0 |
_aColección de documentos inéditos para la historia de Chile _b: desde el viaje de Magallanes hasta la batalla de Maipo, 1518-1818 / _ccolectados y publicados por J. T. Medina. |
| 260 |
_aSantiago de Chile : _b[s.n.], _c1888-1902 ( _fImp. Ercilla) |
||
| 300 |
_a1 v. ; _c27 cm. |
||
| 505 | 8 | _aContiene: V. 5 | |
| 530 | _aDisponible en formato digital la obra completa: 29 v. | ||
| 651 | 4 |
_aChile- _xHistoria- _vFuentes. _9156783 |
|
| 700 | 1 |
_aMedina, José Toribio. _979702 |
|
| 852 |
_aES-MaACL _jF-11533 _z- Enc. pasta española |
||
| 856 |
_uhttp://bdh-rd.bne.es/viewer.vm?id=0000167576&page=1 _zBiblioteca Digital Hispánica (29 v.) |
||
| 999 |
_c153172 _d153172 |
||